Sowing the Mustard Seed (Record no. 770)

MARC details
000 -LEADER
fixed length control field 01259nam a22003735a 4500
001 - CONTROL NUMBER
control field 177983
003 - CONTROL NUMBER IDENTIFIER
control field OSt
005 - DATE AND TIME OF LATEST TRANSACTION
control field 20230607090156.0
008 - FIXED-LENGTH DATA ELEMENTS--GENERAL INFORMATION
fixed length control field 980924s1997 enkbcf 001 0aeng d
010 ## - LIBRARY OF CONGRESS CONTROL NUMBER
LC control number 98201575
015 ## - NATIONAL BIBLIOGRAPHY NUMBER
National bibliography number GB97-23847
020 ## - INTERNATIONAL STANDARD BOOK NUMBER
International Standard Book Number 0333689089 (cased)
020 ## - INTERNATIONAL STANDARD BOOK NUMBER
International Standard Book Number 0333642341 (pbk)
035 ## - SYSTEM CONTROL NUMBER
System control number (OCoLC)36990748
040 ## - CATALOGING SOURCE
Original cataloging agency UKM
Transcribing agency UKM
Modifying agency PRC
-- DLC
042 ## - AUTHENTICATION CODE
Authentication code lccopycat
050 00 - LIBRARY OF CONGRESS CALL NUMBER
Classification number ACQUISITION IN PROCESS (COPIED) (lccopycat)
051 ## - LIBRARY OF CONGRESS COPY, ISSUE, OFFPRINT STATEMENT
Classification number out of print
082 ## - DEWEY DECIMAL CLASSIFICATION NUMBER
Classification number 923.6761
Item number MUS
100 1# - MAIN ENTRY--PERSONAL NAME
Personal name Museveni, Yoweri,
Dates associated with a name 1944-
245 10 - TITLE STATEMENT
Title Sowing the Mustard Seed
Remainder of title The Struggle for Freedom and Democracy in Uganda /
Statement of responsibility, etc. Yoweri Kaguta Museveni ; edited by Elizabeth Kanyogonya and Kevin Shillington.
260 ## - PUBLICATION, DISTRIBUTION, ETC. (IMPRINT)
Place of publication, distribution, etc. London :
Name of publisher, distributor, etc. Macmillan,
Date of publication, distribution, etc. 1997.
300 ## - PHYSICAL DESCRIPTION
Extent xiv, 224 p., [8] p. of plates :
Other physical details maps, ports. ;
Dimensions 25 cm.
500 ## - GENERAL NOTE
General note Includes index.
600 14 - SUBJECT ADDED ENTRY--PERSONAL NAME
Personal name Museveni, Yoweri,
Dates associated with a name 1944-
650 #0 - SUBJECT ADDED ENTRY--TOPICAL TERM
Topical term or geographic name as entry element Presidents
Geographic subdivision Uganda
General subdivision Biography.
651 #0 - SUBJECT ADDED ENTRY--GEOGRAPHIC NAME
Geographic name Uganda
General subdivision Politics and government
Chronological subdivision 1971-1979.
651 #0 - SUBJECT ADDED ENTRY--GEOGRAPHIC NAME
Geographic name Uganda
General subdivision Politics and government
Chronological subdivision 1979-
700 1# - ADDED ENTRY--PERSONAL NAME
Personal name Kanyogonya, Elizabeth.
700 1# - ADDED ENTRY--PERSONAL NAME
Personal name Shillington, Kevin.
906 ## - LOCAL DATA ELEMENT F, LDF (RLIN)
a 0
b ibc
c copycat
d 1
e ncip
f 19
g y-gencatlg
942 ## - ADDED ENTRY ELEMENTS (KOHA)
Source of classification or shelving scheme Dewey Decimal Classification
Koha item type Books
Holdings
Withdrawn status Lost status Source of classification or shelving scheme Damaged status Not for loan Home library Current library Date acquired Total Checkouts Full call number Barcode Date last seen Price effective from Koha item type
    Dewey Decimal Classification     Bunge Tower Library Bunge Tower Library 06/07/2023   923.6761 MUS 10014346 06/07/2023 06/07/2023 Books
    Dewey Decimal Classification     Bunge Tower Library Bunge Tower Library 06/07/2023   923.6761 MUS 10014339 06/07/2023 06/07/2023 Books
LIBRARY OPENING HOURS

When the Parliament is sitting: 8.00a.m - 7.00p.m or until the house adjourns
Mondays and Fridays and when the House is on Recess:  8.00a.m - 5.00p.m
Closed on Weekends and Public Holidays

Online Public Access Catalog (OPAC)
Website: http://www.parliament.go.ke
Bunge Library: https://libraryir.parliament.go.ke
Contact: library@parliament.go.ke | Tel no: (254-2)2221291 or 2848000 Ext 5043